01007nam a2200241Ia 4500003000900000008004100009020001800050040001600068080002100084111009400105245028300199260006100482300001600543490003300559650004100592650001700633650001000650650000900660650001900669700002900688700002300717710002500740IN-BaIIA211028s9999 xx 000 0 eng d a0-937707-35-X cIIA Library a082.2:52bASP-16 aHaystack Observatory Conference on Atoms, Ions, and Moleculesn3rdcUSAd1990 May 23-25 0aSkylinesbproceedings of the Third Haystack Observatory Conference on atoms, ions, and molecules : new results in spectral line astrophysics, Westford Massachsetts, USA, May 23-25, 1990cedited by Aubrey D. Haschick and Paul T. P Ho .  aSan FranciscobAstronomical Society of the Pacificc1991 axiii, 474p. aASP conference series; v. 16 aAstronomy and Astrophysics Thesaurus aAstrophysics aAtoms aIons aSpectral lines aHaschick, Aubrey D., ed. aHo, Paul T. P.,ed. aHaystack Observatory